日野ブルーリボンが在籍している路線バス事業者 - Statistics

General Stats
  • This quiz has been taken 29 times
  • The average score is 23 of 62
Answer Stats
Answer % Correct
鹿児島交通
73%
那覇バス
73%
北海道中央バス
59%
道南バス
59%
函館バス
59%
南国交通
59%
道北バス
55%
しずてつジャストライン
55%
奈良交通
55%
長崎自動車
55%
東陽バス
55%
十勝バス
50%
仙台市交通局
50%
新常磐交通
50%
関越交通
50%
関東自動車
50%
小湊鐵道
50%
越後交通
50%
アルピコ交通
50%
長電バス
50%
中鉄バス
50%
岩手県北自動車南部支社
45%
岩手県北自動車
45%
ジェイアールバス関東
45%
広島電鉄
45%
長崎県交通局
45%
糸魚川バス
41%
大分交通
41%
九州産交バス
41%
島原鉄道
41%
旭川電気軌道
36%
羽後交通
36%
秋田中央交通
36%
会津乗合自動車
36%
中鉄北部バス
36%
下津井電鉄
36%
伊予鉄バス
36%
熊本都市バス
36%
さいかい交通
36%
種子島・屋久島交通
36%
琉球バス交通
36%
大分バス
32%
永井運輸
27%
西肥自動車
27%
士別軌道
23%
ジェイ・アール北海道バス
23%
江若交通
23%
南海りんかんバス
23%
夕張鉄道
18%
ジェイアールバス東北
18%
和歌山バス
18%
本四バス開発
18%
瀬戸内産交
14%
なべタクシー
14%
五島自動車
14%
シンリク観光
9%
京福バス
9%
大交北部バス
9%
三岐鉄道
5%
野呂山タクシー
5%
富士交通
0%
和人組
0%
No matching quizzes found
Score Distribution
Percent of People with Each Score
Percentile by Number Answered
Your Score History
You have not taken this quiz